| 000 | 05588 a2200661 4500 | ||
|---|---|---|---|
| 040 |
_aDLC _bDLC |
||
| 082 | 0 | 4 | _a300.72 |
| 100 | 1 | _aBechhofer, Frank. | |
| 245 | 1 | 0 |
_aPrinciples of research design in the social sciences _hElektronisk resurs _cFrank Bechhofer and Lindsay Paterson. |
| 260 |
_aLondon ; _aNew York : _bRoutledge, _c2000. |
||
| 300 |
_aix, 172 p. ; _c23 cm. |
||
| 490 | 1 | _aSocial research today | |
| 650 | 7 |
_aSocial sciences _xResearch |
|
| 650 | 7 |
_aSocial sciences _xMethodology |
|
| 655 | 7 | _aElectronic books. | |
| 700 | 1 | _aPaterson, Lindsay. | |
| 710 | 2 | _aebrary, Inc. | |
| 830 | 0 | _aSocial research today (Routledge (Firm)) | |
| 856 | 4 | 0 | _uhttp://miman.bib.bth.se/login?url=http://site.ebrary.com/lib/bthbib/Doc?id=10017803 |
| 856 | 4 | 0 | _uhttp://link.libris.kb.se/sfxbth?url_ver=Z39.88-2004&ctx_ver=Z39.88-2004&ctx_enc=info:ofi/enc:UTF-8&rfr_id=info:sid/sfxit.com:opac_856&url_ctx_fmt=info:ofi/fmt:kev:mtx:ctx&sfx.ignore_date_threshold=1&rft.object_id=1000000000006383&svc_val_fmt=info:ofi/fmt:kev:mtx:sch_svc& |
| 856 | 4 | 0 | _uhttp://link.libris.kb.se/sfxkib?url_ver=Z39.88-2004&ctx_ver=Z39.88-2004&ctx_enc=info:ofi/enc:UTF-8&rfr_id=info:sid/sfxit.com:opac_856&url_ctx_fmt=info:ofi/fmt:kev:mtx:ctx&sfx.ignore_date_threshold=1&rft.object_id=1000000000006383&svc_val_fmt=info:ofi/fmt:kev:mtx:sch_svc& |
| 856 | 4 | 0 | _uhttp://site.ebrary.com/lib/sodertorn/Doc?id=10017803 |
| 856 | 4 | 0 | _uhttp://ezproxy.ub.gu.se/login?url=http://site.ebrary.com/lib/gubselibrary/Doc?id=10017803 |
| 856 | 4 | 0 | _uhttp://ezproxy.bib.hh.se:2048/login?url=http://site.ebrary.com/lib/halmstad/Doc?id=10017803 |
| 856 | 4 | 0 | _uhttp://www.du.se/proxy.aspx?=http://site.ebrary.com/lib/dalarna/Doc?id=10017803 |
| 856 | 4 | 0 | _uhttp://www.du.se/proxy.aspx?=http://site.ebrary.com/lib/dalarna/Doc?id=10017803 |
| 856 | 4 | 0 | _uhttp://link.libris.kb.se/sfxsub?url_ver=Z39.88-2004&ctx_ver=Z39.88-2004&ctx_enc=info:ofi/enc:UTF-8&rfr_id=info:sid/sfxit.com:opac_856&url_ctx_fmt=info:ofi/fmt:kev:mtx:ctx&sfx.ignore_date_threshold=1&rft.object_id=1000000000006383&svc_val_fmt=info:ofi/fmt:kev:mtx:sch_svc& |
| 856 | 4 | 0 | _uhttp://proxy.hgo.se:2048/login?url=http://site.ebrary.com/lib/almedalsbiblioteket/Doc?id=10017803 |
| 856 | 4 | 0 | _uhttp://costello.pub.hb.se/login?url=http://site.ebrary.com/lib/boras/Doc?id=10017803 |
| 856 | 4 | 0 | _uhttp://webproxy.student.hig.se:2048/login?url=http://site.ebrary.com/lib/gavlebiblioteket/Doc?id=10017803 |
| 856 | 4 | 0 | _uhttp://proxy.hik.se/login?url=http://site.ebrary.com/lib/kalmar/Doc?id=10017803 |
| 856 | 4 | 0 | _uhttp://site.ebrary.com/lib/slub/Doc?id=10017803 |
| 856 | 4 | 0 | _uhttp://site.ebrary.com/lib/slub/Doc?id=10017803 |
| 856 | 4 | 0 | _uhttp://bibl.proxy.hj.se/login?url=http://site.ebrary.com/lib/jonhh/Doc?id=10017803 |
| 856 | 4 | 0 | _uhttp://site.ebrary.com/lib/slub/Doc?id=10017803 |
| 856 | 4 | 0 | _uhttp://link.libris.kb.se/sfxslub?url_ver=Z39.88-2004&ctx_ver=Z39.88-2004&ctx_enc=info:ofi/enc:UTF-8&rfr_id=info:sid/sfxit.com:opac_856&url_ctx_fmt=info:ofi/fmt:kev:mtx:ctx&sfx.ignore_date_threshold=1&rft.object_id=1000000000006383&svc_val_fmt=info:ofi/fmt:kev:mtx:sch_svc& |
| 856 | 4 | 0 | _uhttp://site.ebrary.com/lib/slub/Doc?id=10017803 |
| 856 | 4 | 0 | _uhttp://site.ebrary.com/lib/kaubib/Doc?id=10017803 |
| 856 | 4 | 0 | _uhttp://site.ebrary.com/lib/kristianstad/Doc?id=10017803 |
| 856 | 4 | 0 | _uhttp://proxy.lib.ltu.se/login?url=http://site.ebrary.com/lib/lulea/Doc?id=10017803 |
| 856 | 4 | 0 | _uhttp://proxy.lib.ltu.se/login?url=http://site.ebrary.com/lib/lulea/Doc?id=10017803 |
| 856 | 4 | 0 | _uhttp://proxy.lib.ltu.se/login?url=http://site.ebrary.com/lib/lulea/Doc?id=10017803 |
| 856 | 4 | 0 | _uhttps://lt.ltag.bibl.liu.se/login?url=http://site.ebrary.com/lib/linkoping/Doc?id=10017803 |
| 856 | 4 | 0 | _uhttp://link.libris.kb.se/sfxliub?url_ver=Z39.88-2004&ctx_ver=Z39.88-2004&ctx_enc=info:ofi/enc:UTF-8&rfr_id=info:sid/sfxit.com:opac_856&url_ctx_fmt=info:ofi/fmt:kev:mtx:ctx&sfx.ignore_date_threshold=1&rft.object_id=1000000000006383&svc_val_fmt=info:ofi/fmt:kev:mtx:sch_svc& |
| 856 | 4 | 0 | _uhttp://support.mah.se/login?url=http://site.ebrary.com/lib/malmoe/Doc?id=10017803 |
| 856 | 4 | 0 | _uhttps://ep.bib.mdh.se/login?url=http://site.ebrary.com/lib/malardalen/Doc?id=10017803 |
| 856 | 4 | 0 | _uhttps://ep.bib.mdh.se/login?url=http://site.ebrary.com/lib/malardalen/Doc?id=10017803 |
| 856 | 4 | 0 | _uhttp://db.ub.oru.se/login?url=http://site.ebrary.com/lib/universitetsbiblioteket/Doc?id=10017803 |
| 856 | 4 | 0 | _uhttp://link.libris.kb.se/sfxoub?url_ver=Z39.88-2004&ctx_ver=Z39.88-2004&ctx_enc=info:ofi/enc:UTF-8&rfr_id=info:sid/sfxit.com:opac_856&url_ctx_fmt=info:ofi/fmt:kev:mtx:ctx&sfx.ignore_date_threshold=1&rft.object_id=1000000000006383&svc_val_fmt=info:ofi/fmt:kev:mtx:sch_svc& |
| 856 | 4 | 0 | _uhttp://proxy.ub.umu.se/login?url=http://site.ebrary.com/lib/umeaub/Doc?id=10017803 |
| 856 | 4 | 0 | _uhttp://link.libris.kb.se/sfxumub?url_ver=Z39.88-2004&ctx_ver=Z39.88-2004&ctx_enc=info:ofi/enc:UTF-8&rfr_id=info:sid/sfxit.com:opac_856&url_ctx_fmt=info:ofi/fmt:kev:mtx:ctx&sfx.ignore_date_threshold=1&rft.object_id=1000000000006383&svc_val_fmt=info:ofi/fmt:kev:mtx:sch_svc& |
| 856 | 4 | 0 | _uhttp://site.ebrary.com/lib/rdbib/Doc?id=10017803 |
| 856 | 4 | 0 | _uhttps://persefone.his.se/login?url=http://site.ebrary.com/lib/hiskovde/Doc?id=10017803 |
| 856 | 4 | 0 | _uhttp://focus.lib.kth.se/login?url=http://site.ebrary.com/lib/kth/Doc?id=10017803 |
| 856 | 4 | 0 | _uhttp://databas.bib.vxu.se:2048/login?url=http://site.ebrary.com/lib/vaxjo/Doc?id=10017803 |
| 856 | 4 | 0 | _uhttp://proxy.lib.chalmers.se/login?url=http://site.ebrary.com/lib/chalmers/Doc?id=10017803 |
| 942 |
_cBK _k300.72 BEC _2ddc |
||
| 999 |
_c7148 _d7148 |
||